The human revolution

The first volume in a five-volume work in the form of a slightly fictionalized biography describing the development of Soka Gakkai, the worldwide religion based on Nichiren Shoshu Buddhism.

Na minha lista:
Detalhes bibliográficos
Autor principal: Ikeda, Daisaku
Formato: Livro
Idioma:Undetermined
Publicado em: New York Weatherhill 1972
Assuntos:
Tags: Adicionar Tag
Sem tags, seja o primeiro a adicionar uma tag!
Thư viện lưu trữ: Trung tâm Học liệu Trường Đại học Cần Thơ
LEADER 00664nam a2200193Ia 4500
001 CTU_107977
008 210402s9999 xx 000 0 und d
082 |a 294.3 
082 |b I.26/Vol.1 
100 |a Ikeda, Daisaku 
245 4 |a The human revolution 
245 0 |c Daisaku Ikeda 
260 |a New York 
260 |b Weatherhill 
260 |c 1972 
520 |a The first volume in a five-volume work in the form of a slightly fictionalized biography describing the development of Soka Gakkai, the worldwide religion based on Nichiren Shoshu Buddhism. 
650 |a Buddhism 
904 |i Lê Giang 
980 |a Trung tâm Học liệu Trường Đại học Cần Thơ